Most Retired NHL Jersey Numbers - Statistics

General Stats
  • This quiz has been taken 70 times
  • The average score is 9 of 12
Answer Stats
Times Retired Jersey # % Correct
14 9
100%
9 1
98%
8 3
93%
12 7
91%
11 4
87%
8 5
83%
7 2
81%
32 99
74%
7 11
69%
7 12
61%
8 16
31%
8 19
20%
No matching quizzes found
Score Distribution
Percent of People with Each Score
Percentile by Number Answered
Your Score History
You have not taken this quiz